000 01559cam a2200349 a 4500
001 17152166
003 OSt
005 20150408114201.0
008 120207s2012 enk b 001 0 eng
010 _a 2012932661
020 _a9780199657605 (cloth : alk. paper)
020 _a0199657602 (cloth : alk. paper)
020 _a9780199657612 (pbk. : alk. paper)
020 _a0199657610 (pbk. : alk. paper)
040 _aDLC
_cDLC
_dDLC
042 _apcc
050 0 0 _aK564.C6
_bR438 2012
082 _222
_a004
_bRCM
100 1 _aReed, Chris,
_d1956-
_941606
245 1 0 _aMaking laws for cyberspace /
_cChris Reed.
250 _a1st ed.
260 _aOxford, U.K. :
_bOxford University Press,
_c2012.
300 _axxi, 249 p. ;
_c24 cm.
504 _aIncludes bibliographical references and index.
505 0 _aCommand and control -- The route to lawfulness -- Extraterritoriality -- Enforcing law in cyberspace -- Sources of authortiy -- Authoritative law-making -- Cyberspace communities and cyberspace norms -- Three ways to make meaningless law -- Mismatch with cyber reality -- Aims and effectiveness -- Future-proofing -- Revisiting the modalities of regulation -- Making laws for cyberspace.
650 0 _aInternet
_xLaw and legislation.
_96957
650 0 _aInternet
_xSocial aspects.
_910574
906 _a7
_bcbc
_corignew
_d2
_eepcn
_f20
_gy-gencatlg
942 _2ddc
_cDVD
999 _c32948
_d267448